| Tag |
First Indicator |
Second Indicator |
Subfields |
| LEADER |
00000cam a2200000 i 4500 |
| 001 |
in00000075231 |
| 005 |
20151008052613.0 |
| 008 |
790115r19781963miua b 00010 eng d |
| 010 |
|
|
|a 63021423
|
| 035 |
|
|
|a (OCoLC)04551294
|
| 035 |
|
|
|9 AAH4076AM
|
| 040 |
|
|
|a RBN
|c RBN
|d TXA
|d UtOrBLW
|
| 049 |
|
|
|a TXAM
|c [1419351]
|
| 090 |
|
|
|a QC174.45
|b .H43 1978
|
| 100 |
1 |
|
|a Herman, Frank.
|
| 245 |
1 |
0 |
|a Atomic structure calculations /
|c Frank Herman, Sherwood Skillman.
|
| 264 |
|
1 |
|a Ann Arbor, Mich. :
|b University Microfilms International,
|c 1978.
|
| 300 |
|
|
|a xvii, 421 pages in various pagings :
|b diagram ;
|c 28 cm.
|
| 336 |
|
|
|a text
|b txt
|2 rdacontent
|
| 337 |
|
|
|a unmediated
|b n
|2 rdamedia
|
| 338 |
|
|
|a volume
|b nc
|2 rdacarrier
|
| 500 |
|
|
|a "Based on Slater's simplified version of the Hartree-Fock equations, and on certain simplifying assumptions which will be mentioned shortly."
|
| 500 |
|
|
|a Reprint of the 1963 edition published by Prentice-Hall, Englewood Cliffs, New Jersey.
|
| 504 |
|
|
|a Includes bibliographies.
|
| 650 |
|
0 |
|a Quantum field theory.
|
| 650 |
|
0 |
|a Atoms.
|
| 650 |
|
0 |
|a Nuclear models.
|
| 700 |
1 |
|
|a Skillman, Sherwood.
|
| 999 |
|
|
|a MARS
|
| 999 |
f |
f |
|s 551ebc33-6a4f-3f65-8eac-ef051ea4c688
|i 5b48702e-3719-3b9b-861d-6ec8689f2bf8
|t 0
|
| 952 |
f |
f |
|p normal
|a Texas A&M University
|b College Station
|c Sterling C. Evans Library
|d Evans: Library Stacks
|t 0
|e QC174.45 .H43 1978
|h Library of Congress classification
|i unmediated -- volume
|m A14804610325
|
| 998 |
f |
f |
|a QC174.45 .H43 1978
|t 0
|l Evans: Library Stacks
|